000 00490nam a2200181Ia 4500
008 100920s9999 xx 000 0 und d
082 _b65490
_a891.43 थ 94
100 _aवाजपेयी अशोक.
245 _aसमास.
260 _bकमलेश, प्रकाशन
_c1994
300 _a186
_bसाधी
365 _b50
520 _aहिंदी.
630 _aसमास.
650 _aहिंदी.
730 _aसमास.
942 _cBOOK
999 _c708248
_d708245